00809 a2200217 4500010001400000020002200014035001300036037001800049082001400067090001500081100001900096245006500115260003800180270006600218300002200284490003200306500007200338942002900410999001500439952013700454 aENG-85402 c25.00a8126022876 aEN-68935 bD.B.Act / Pub14a891.49092 c2217d22171 aChettri, Bhanu1 aJagat Chettricby Bhanu Chettribmakers of Indian literature aNew DelhibSahitya Akademi.c2006 aRavindra Bhavan, 35, Firozshah RoadbNew DelhicDelhie110001 a62 pc21 cm (Pbk) aMakers of Indian literature aA monograph in English by Bhanu Chettri on the modern Nepali writer adplcENk891.49092 / CHE c2177d2177 00102ddc40718NFICaDBADbDBADeDBAD/PUBg25.00l0o891.49092 CHEpEN-68935r2008-09-15 00:00:00t1u2309v25.00w2008-09-15yEN